Diamonds Are a Girl's Best Friend Lyrics - Statistics

General Stats
  • This quiz has been taken 7 times
  • The average score is 159 of 254
Answer Stats
Answer % Correct
a
100%
A
100%
and
100%
And
100%
are
100%
Are
100%
be
100%
best
100%
Best
100%
diamonds
100%
Diamonds
100%
Diamonds!
100%
friend
100%
get
100%
girl's
100%
girls
100%
I
100%
man
100%
me
100%
Men
100%
no
100%
The
100%
the
100%
then
100%
They
100%
they
100%
time
100%
Time
100%
to
100%
we
100%
When
100%
when
100%
who
100%
you
100%
You
100%
But
80%
come
80%
don't
80%
end
80%
for
80%
Go
80%
in
80%
is
80%
love
80%
May
80%
may
80%
on
80%
On
80%
There
80%
your
80%
you're
80%
all
60%
As
60%
at
60%
die
60%
If
60%
it
60%
It's
60%
mean
60%
of
60%
that
60%
That
60%
their
60%
these
60%
those
60%
won't
60%
back
40%
can't
40%
Cartier
40%
charms
40%
cold
40%
continental
40%
cut
40%
dice!
40%
flat
40%
gone
40%
grand
40%
grow
40%
hand
40%
help
40%
ice
40%
I've
40%
kiss
40%
lass
40%
lawyer
40%
lives
40%
lose
40%
louses
40%
needs
40%
old
40%
Or
40%
or
40%
our
40%
pay
40%
pear
40%
quite
40%
rental
40%
rocks
40%
shape
40%
shaped
40%
spouses
40%
square
40%
think
40%
up
40%
about!
20%
automat
20%
awful
20%
bend
20%
beware
20%
big
20%
boiled
20%
delight
20%
descend
20%
duels
20%
else
20%
employer
20%
expensive
20%
fighting
20%
French
20%
gives
20%
glad
20%
guy
20%
hard
20%
Harry
20%
He's
20%
high
20%
humble
20%
jewels
20%
nice
20%
prefer
20%
start
20%
stocks
20%
Talk
20%
Tell
20%
Thinks
20%
Tiffany's
20%
*Tiffany's*
20%
Winston!
20%
affairs
0%
baguettes
0%
bets
0%
better
0%
Black
0%
Frost
0%
Gorham
0%
heard
0%
keep
0%
knees
0%
liaisonic
0%
little
0%
must
0%
pets
0%
platonic
0%
rhinestones
0%
rolls
0%
stand
0%
Starr
0%
stiff
0%
straight
0%
straighten
0%
strictly
0%
youth
0%
No matching quizzes found
Score Distribution
Percent of People with Each Score
Percentile by Number Answered
Your Score History
You have not taken this quiz